Erziehung gegen Gewalt - eine Herausforderung
| Main Author: | |
|---|---|
| Corporate Author: | |
| Format: | Print Book |
| Language: | German |
| Published: |
Stuttgart
[1992]
|
| In: |
Dokumentation Bildung (11)
Year: 1992 |
| Availability in Tübingen: | Present in Tübingen. IFK: B XI 201 |
| Check availability: | HBZ Gateway |
| Subito Delivery Service: | Order now. |
| Keywords: |
MARC
| LEADER | 00000cam a2200000 c 4500 | ||
|---|---|---|---|
| 001 | 1112560068 | ||
| 003 | DE-627 | ||
| 005 | 20251211152956.0 | ||
| 007 | tu | ||
| 008 | 941214s1992 xx ||||| 00| ||ger c | ||
| 035 | |a (DE-627)1112560068 | ||
| 035 | |a (DE-576)042560063 | ||
| 035 | |a (DE-599)BSZ042560063 | ||
| 035 | |a (OCoLC)312035484 | ||
| 035 | |a (OCoLC)312035484 | ||
| 040 | |a DE-627 |b ger |c DE-627 |e rakwb | ||
| 041 | |a ger | ||
| 084 | |a 910 |2 bwlb | ||
| 084 | |a 944 |2 bwlb | ||
| 245 | 0 | 0 | |a Erziehung gegen Gewalt - eine Herausforderung |c [Hrsg.: Ministerium für Kultur und Sport Baden-Württemberg. Red.: Eckart Woischnik ...] |
| 264 | 1 | |a Stuttgart |c [1992] | |
| 300 | |a 36 S. |b Ill. | ||
| 336 | |a Text |b txt |2 rdacontent | ||
| 337 | |a ohne Hilfsmittel zu benutzen |b n |2 rdamedia | ||
| 338 | |a Band |b nc |2 rdacarrier | ||
| 490 | 1 | |a Dokumentation Bildung |v 11 | |
| 500 | |a Symposium zum Thema "Erziehung gegen Gewalt" am 19. März 1992 in Stuttgart | ||
| 583 | 1 | |a Archivierung/Langzeitarchivierung gewährleistet |f PEBW |x XA-DE-BW |2 pdager |5 DE-24 | |
| 650 | 0 | 7 | |0 (DE-588)4016825-6 |0 (DE-627)106331833 |0 (DE-576)208917446 |a Fernsehen |2 gnd |7 (dpeaa)DE-631 |
| 650 | 0 | 7 | |0 (DE-588)4074659-8 |0 (DE-627)106088742 |0 (DE-576)209194863 |a Medienpädagogik |2 gnd |7 (dpeaa)DE-631 |
| 650 | 0 | 7 | |0 (DE-588)4053474-1 |0 (DE-627)104409630 |0 (DE-576)209103981 |a Schule |2 gnd |7 (dpeaa)DE-631 |
| 650 | 0 | 7 | |0 (DE-588)4032055-8 |0 (DE-627)104360097 |0 (DE-576)208995420 |a Konferenz |2 gnd |7 (dpeaa)DE-631 |
| 650 | 0 | 7 | |0 (DE-588)4020832-1 |0 (DE-627)10631663X |0 (DE-576)208934979 |a Gewalt |2 gnd |7 (dpeaa)DE-631 |
| 651 | 7 | |0 (DE-588)4058282-6 |0 (DE-627)106147811 |0 (DE-576)209125608 |a Stuttgart |2 gnd |7 (dpeaa)DE-631 | |
| 655 | 7 | |a Konferenzschrift |0 (DE-588)1071861417 |0 (DE-627)826484824 |0 (DE-576)433375485 |2 gnd-content | |
| 700 | 1 | |a Woischnik, Eckart |e Red. |4 adp | |
| 710 | 2 | |a Baden-Württemberg |b Ministerium für Kultus und Sport |0 (DE-588)81515-9 |0 (DE-627)101605072 |0 (DE-576)190509767 |4 oth | |
| 830 | 0 | |a Dokumentation Bildung |v 11 |9 11 |w (DE-627)167749978 |w (DE-576)007910908 |w (DE-600)569879-0 |7 am | |
| 935 | |a BWLB | ||
| 951 | |a BO | ||
| ELC | |b 1 | ||
| LOK | |0 000 xxxxxcx a22 zn 4500 | ||
| LOK | |0 001 2244928314 | ||
| LOK | |0 003 DE-627 | ||
| LOK | |0 004 1112560068 | ||
| LOK | |0 005 20020607000000 | ||
| LOK | |0 008 970911||||||||||||||||ger||||||| | ||
| LOK | |0 040 |a DE-21-110 |c DE-627 |d DE-21-110 | ||
| LOK | |0 852 |a DE-21-110 | ||
| LOK | |0 852 1 |c B XI 201 |m p |9 00 | ||
| LOK | |0 935 |a k110 | ||
| LOK | |0 936ln |a 7.3.3.5 | ||
| LOK | |0 938 |k p | ||
| LOK | |0 939 |a 11-09-97 |b l01 | ||
| ORI | |a SA-MARC-krimdoka001.raw | ||
| SIG | |a IFK: B XI 201 | ||
